| 000 | 02608nam0a2200397 4500 | ||
|---|---|---|---|
| 001 | RU\NLR\BIBL_A\022125558 | ||
| 005 | 20250709131317.0 | ||
| 010 |
_a978-5-91133-249-5 _9250 |
||
| 021 |
_aRU _bКН-П-23-079023 _9КН-П-23-7983 |
||
| 035 | _a(NLR Aleph) 022125558 | ||
| 035 | _a(RuMoRGB)012438139 | ||
| 090 |
_a12820173 _c12820173 |
||
| 100 | _a20240205d2023 u y0rusy50 ca | ||
| 101 | 0 | _arus | |
| 102 | _aRU | ||
| 105 | _aа|||z|||000yy | ||
| 181 | 0 |
_ai3 _baxxe |
|
| 182 | 0 | _an | |
| 200 | 1 |
_aТиповая экспертная методика определения рыночной стоимости объектов недвижимости _eпособие _fМинистерство юстиции Российской Федерации, Федеральное бюджетное учреждение Российский федеральный центр судебной экспертизы при Министерстве юстиции Российской Федерации _gподготовили: Бутырин А. Ю., д.ю.н. [и др.] |
|
| 203 |
_aТекст _bвизуальный _cнепосредственный |
||
| 210 |
_aМосква _cРФЦСЭ при Минюсте России _d2023 |
||
| 215 |
_a154 с. _cил., табл. _d21 |
||
| 320 | _aБиблиогр.: с. 148-149 (12 назв.) | ||
| 606 | 1 |
_aНедвижимое имущество _jУчебные издания _xОценка _yРоссийская Федерация _92236369 _3RU\NLR\AUTH\661342109 |
|
| 606 | 1 |
_aЗемельные участки _jУчебные издания _xОценка _yРоссийская Федерация _92140591 _3RU\NLR\AUTH\661290229 |
|
| 606 | 1 |
_aСудебная строительно-техническая экспертиза _jУчебные издания _yРоссийская Федерация _92546702 _3RU\NLR\AUTH\6601720593 |
|
| 606 | 1 |
_aСтоимость _jУчебные издания _xОпределение _xСудебная экспертиза _yРоссийская Федерация _92423825 _3RU\NLR\AUTH\6601661753 |
|
| 686 | 1 | _aУ9(2)-571.1-07(2Р)я7 | |
| 686 | 1 | _aХ629.214.13я7 | |
| 702 | 1 |
_4220 _7ca _8rus _aБутырин _bА. Ю. _cд-р юрид. наук _gАндрей Юрьевич _9116185 _3RU\NLR\AUTH\776230 |
|
| 712 | 0 | 2 |
_4475 _aРоссийский федеральный центр судебной экспертизы _9533165 _3RU\NLR\AUTH\8810017659 |
| 942 | _cBOOK | ||
| 980 | _aNB | ||